[Event "HUN-chT2 Barcza 1314"]
[Site "Hungary"]
[Date "2013.10.20"]
[Round "3"]
[White "Bujdoso, Barnabas"]
[Black "Szalay, Balazs"]
[Result "1/2-1/2"]
[WhiteElo "1968"]
[BlackElo "1945"]
[PlyCount "88"]
[EventDate "2013.09.08"]
[EventType "team-tourn"]
[EventRounds "11"]
[EventCountry "HUN"]
[SourceTitle "EXT 2016"]
[Source "ChessBase"]
[SourceDate "2015.10.08"]
[SourceVersion "1"]
[SourceVersionDate "2015.10.08"]
[SourceQuality "1"]
[WhiteTeam "Sajobabony"]
[BlackTeam "Miskolc KisBocsok"]
[WhiteTeamCountry "HUN"]
[BlackTeamCountry "HUN"]

1. d4 Nf6 2. c4 g6 3. Nc3 d5 4. cxd5 Nxd5 5. e4 Nxc3 6. bxc3 Bg7 7. Bc4 c5 8. Ne2 cxd4 9. cxd4 0-0 10. 0-0 Nc6 11. Be3 Bg4 12. f3 Na5 13. Bxf7+ Rxf7 14. fxg4 Rxf1+ 15. Qxf1 Nc4 16. Qf3 Qd7 17. Bf2 Rf8 18. Qb3 b5 19. Re1 e6 20. e5 Qf7 21. Bg3 Nd2 22. Qd1 Bh6 23. h3 Be3+ 24. Kh1 Nf1 25. Bf4 Bxf4 26. Rxf1 g5 27. Qd3 Qb7 28. Qf3 Qxf3 29. Rxf3 Bd2 30. Rd3 Be1 31. Rd1 Ba5 32. Kg1 Bb6 33. Rd3 Rf7 34. Rb3 Rd7 35. Rb4 Rd5 36. Kf1 a5 37. Rb3 Bxd4 38. Nxd4 Rxd4 39. Rxb5 Ra4 40. Rb2 Kf7 41. Ke1 Kg6 42. Kd1 h5 43. gxh5+ Kxh5 44. Re2 g4 1/2-1/2

[Event "HUN-chT2 Barcza 1213"]
[Site "Hungary"]
[Date "2013.03.24"]
[Round "9.4"]
[White "Hando, Vilmos"]
[Black "Szalay, Balazs"]
[Result "1-0"]
[WhiteElo "2346"]
[BlackElo "1933"]
[PlyCount "79"]
[EventDate "2012.09.16"]
[EventType "team-tourn"]
[EventRounds "11"]
[EventCountry "HUN"]
[SourceTitle "EXT 2014"]
[Source "ChessBase"]
[SourceDate "2013.11.20"]
[SourceVersion "1"]
[SourceVersionDate "2013.11.20"]
[SourceQuality "1"]
[WhiteTeam "Kazincbarcika"]
[BlackTeam "Miskolc Kisbocsok"]
[WhiteTeamCountry "HUN"]
[BlackTeamCountry "HUN"]

1. d4 Nf6 2. Nf3 e6 3. Bg5 Be7 4. e3 c5 5. Bd3 b6 6. Nbd2 Bb7 7. Qe2 0-0 8. c3 cxd4 9. exd4 d6 10. 0-0 Nbd7 11. a4 a6 12. Rfe1 Re8 13. Nf1 Nd5 14. Bd2 Nc7 15. Ng3 f5 16. c4 Bf6 17. Nh5 Bxf3 18. Nxf6+ Qxf6 19. Qxf3 Qxd4 20. Bc3 Qh4 21. Qc6 Qd8 22. Qxd6 Nc5 23. Qe5 Qd7 24. Bc2 Rac8 25. Rad1 Qf7 26. Qd6 Na8 27. b3 a5 28. Re3 Qe7 29. Qxe7 Rxe7 30. Bxf5 Rce8 31. Bc2 Nc7 32. Rd6 Nd7 33. Red3 Nc5 34. Rh3 g6 35. Rxb6 Ra8 36. Rc6 Nb7 37. Rd3 Kf7 38. h4 Ra6 39. Rxa6 Nxa6 40. h5 1-0

[Event "HUN-chT2 Barcza 1213"]
[Site "Hungary"]
[Date "2013.01.27"]
[Round "6.4"]
[White "Szalay, Balazs"]
[Black "Somodi, Krisztian"]
[Result "1/2-1/2"]
[WhiteElo "1933"]
[BlackElo "2042"]
[PlyCount "31"]
[EventDate "2012.09.16"]
[EventType "team-tourn"]
[EventRounds "11"]
[EventCountry "HUN"]
[SourceTitle "EXT 2014"]
[Source "ChessBase"]
[SourceDate "2013.11.20"]
[SourceVersion "1"]
[SourceVersionDate "2013.11.20"]
[SourceQuality "1"]
[WhiteTeam "Miskolc Kisbocsok"]
[BlackTeam "DEAC"]
[WhiteTeamCountry "HUN"]
[BlackTeamCountry "HUN"]

1. d4 d5 2. Nf3 Nf6 3. Bf4 e6 4. e3 Bd6 5. Ne5 0-0 6. Bd3 Bxe5 7. dxe5 Ne4 8. Bxe4 dxe4 9. Qxd8 Rxd8 10. Nc3 b6 11. Rd1 Rxd1+ 12. Kxd1 Bb7 13. Kc1 Nc6 14. Rd1 Rd8 15. Rxd8+ Nxd8 16. Kd2 1/2-1/2

[Event "HUN-chT2 Barcza 1112 "]
[Site "Hungary"]
[Date "2011.11.13"]
[Round "3"]
[White "Lovas, Peter"]
[Black "Szalay, Balazs"]
[Result "1/2-1/2"]
[WhiteElo "1825"]
[BlackElo "1860"]
[PlyCount "44"]
[EventDate "2011.09.25"]
[EventType "team-tourn"]
[EventRounds "11"]
[EventCountry "HUN"]
[SourceTitle "EXT 2013"]
[Source "ChessBase"]
[SourceDate "2012.11.22"]
[SourceVersion "1"]
[SourceVersionDate "2012.11.22"]
[SourceQuality "1"]
[WhiteTeam "Nadudvar"]
[BlackTeam "Tiszavasvar"]
[WhiteTeamCountry "HUN"]
[BlackTeamCountry "HUN"]

1. e4 c5 2. Nf3 Nc6 3. d4 cxd4 4. Nxd4 Nf6 5. Nc3 e5 6. Ndb5 d6 7. Bg5 a6 8. Na3 b5 9. Nd5 Be7 10. Nxe7 Nxe7 11. f3 d5 12. exd5 Nfxd5 13. c4 bxc4 14. Bxe7 Qa5+ 15. Qd2 Qxd2+ 16. Kxd2 Kxe7 17. Bxc4 Be6 18. Bxd5 Bxd5 19. b3 Rhd8 20. Ke3 Rac8 21. Rac1 Be6 22. Rhd1 Rxd1 1/2-1/2

[Event "HUN-chT U18"]
[Site "Miskolc"]
[Date "2010.11.06"]
[Round "8.6"]
[White "Bartos, Tamas"]
[Black "Szalay, Balazs"]
[Result "1-0"]
[WhiteElo "2151"]
[BlackElo "1852"]
[PlyCount "27"]
[EventDate "2010.11.02"]
[EventType "team-swiss"]
[EventRounds "8"]
[EventCountry "HUN"]
[SourceTitle "EXT 2016"]
[Source "ChessBase"]
[SourceDate "2015.10.08"]
[SourceVersion "1"]
[SourceVersionDate "2015.10.08"]
[SourceQuality "1"]

1. d4 Nf6 2. c4 Nc6 3. Nf3 e6 4. g3 Bb4+ 5. Bd2 Bxd2+ 6. Qxd2 0-0 7. Bg2 d6 8. 0-0 e5 9. Nc3 Re8 10. Rad1 Rb8 11. dxe5 Nxe5 12. Nxe5 Rxe5 13. Qd4 b6 14. Qxe5 1-0

[Event "HUN-chT U18"]
[Site "Miskolc"]
[Date "2010.11.05"]
[Round "6.12"]
[White "Szalay, Balazs"]
[Black "Farkas, Richard"]
[Result "1/2-1/2"]
[WhiteElo "1852"]
[BlackElo "2005"]
[PlyCount "105"]
[EventDate "2010.11.02"]
[EventType "team-swiss"]
[EventRounds "8"]
[EventCountry "HUN"]
[SourceTitle "EXT 2016"]
[Source "ChessBase"]
[SourceDate "2015.10.08"]
[SourceVersion "1"]
[SourceVersionDate "2015.10.08"]
[SourceQuality "1"]

1. e4 e6 2. d3 d5 3. Nd2 c5 4. g3 Nf6 5. Bg2 Nc6 6. Ne2 Be7 7. 0-0 0-0 8. h3 b5 9. Kh2 Qb6 10. f4 Bb7 11. e5 Nd7 12. Nf3 f6 13. exf6 Bxf6 14. c3 d4 15. Bd2 e5 16. fxe5 Ndxe5 17. Bf4 Nxf3+ 18. Bxf3 Rad8 19. Qc2 dxc3 20. bxc3 b4 21. Rab1 Rfe8 22. Be4 Ne5 23. Bxb7 Qxb7 24. Bxe5 Rxe5 25. cxb4 cxb4 26. Nf4 Rde8 27. Rf2 Re1 28. Rxe1 Rxe1 29. Qc4+ Kh8 30. Qd5 Qxd5 31. Nxd5 a5 32. Nxf6 gxf6 33. Rd2 Kg7 34. Kg2 Kf7 35. h4 Ke6 36. Kf2 Re5 37. Rc2 Kd5 38. Rc4 Re6 39. Rf4 Kc5 40. Rf5+ Kd4 41. Rxa5 Kxd3 42. g4 Kc3 43. g5 fxg5 44. hxg5 Kb2 45. Ra7 Rg6 46. Ra5 Rc6 47. Ke2 Rc2+ 48. Kd3 Rc3+ 49. Kd2 Ra3 50. Rb5 Ra4 51. Rb7 Ra5 52. Rxb4+ Kxa2 53. Rh4 1/2-1/2

[Event "HUN-chT U18"]
[Site "Miskolc"]
[Date "2009.10.29"]
[Round "7.22"]
[White "Molnar, Andras"]
[Black "Szalay, Balazs"]
[Result "1/2-1/2"]
[WhiteElo "1620"]
[BlackElo "1834"]
[PlyCount "92"]
[EventDate "2009.10.26"]
[EventType "team-swiss"]
[EventRounds "8"]
[EventCountry "HUN"]
[SourceTitle "EXT 2016"]
[Source "ChessBase"]
[SourceDate "2015.10.08"]
[SourceVersion "1"]
[SourceVersionDate "2015.10.08"]
[SourceQuality "1"]

1. d4 Nf6 2. Bg5 e6 3. Nf3 Be7 4. Bxf6 Bxf6 5. e3 d6 6. Nbd2 Nd7 7. a3 c5 8. c3 cxd4 9. cxd4 0-0 10. Rb1 b6 11. b4 Bb7 12. Be2 Rc8 13. 0-0 Bxf3 14. Bxf3 d5 15. Qa4 Qc7 16. Qd1 Qc3 17. Rb3 Qc2 18. Qxc2 Rxc2 19. Nb1 Rfc8 20. Bd1 Rc1 21. Be2 Be7 22. Ba6 R8c7 23. g3 Nf6 24. Nd2 R1c2 25. Rd1 R7c3 26. Rxc3 Rxc3 27. Nb1 Rb3 28. Kg2 Ne4 29. Nd2 Nxd2 30. Rxd2 Rxa3 31. b5 Rc3 32. Ra2 Rc7 33. h4 f6 34. Kf1 Kf7 35. Ke2 Bb4 36. f3 e5 37. dxe5 fxe5 38. g4 g6 39. h5 gxh5 40. gxh5 Kg7 41. Ra4 Ba5 42. f4 Rc2+ 43. Kf3 e4+ 44. Kg4 Rg2+ 45. Kf5 Rh2 46. Rd4 Rxh5+ 1/2-1/2

[Event "HUN-chT U18"]
[Site "Miskolc"]
[Date "2009.10.27"]
[Round "2.20"]
[White "Valyi, Adel"]
[Black "Szalay, Balazs"]
[Result "1-0"]
[WhiteElo "1638"]
[BlackElo "1834"]
[PlyCount "87"]
[EventDate "2009.10.26"]
[EventType "team-swiss"]
[EventRounds "8"]
[EventCountry "HUN"]
[SourceTitle "EXT 2016"]
[Source "ChessBase"]
[SourceDate "2015.10.08"]
[SourceVersion "1"]
[SourceVersionDate "2015.10.08"]
[SourceQuality "1"]

1. d4 Nf6 2. f3 d5 3. e4 dxe4 4. Nc3 exf3 5. Nxf3 Bf5 6. Be2 e6 7. 0-0 c5 8. Bb5+ Nbd7 9. d5 a6 10. dxe6 Bxe6 11. Bxd7+ Qxd7 12. Qe1 Be7 13. Bf4 0-0 14. Rd1 Qe8 15. Ng5 Bc4 16. Rf3 Nh5 17. Qh4 f6 18. Bd6 Bxd6 19. Qxc4+ Kh8 20. Ne6 b5 21. Qd5 Be5 22. Nxf8 Qxf8 23. Ne2 Qc8 24. Rfd3 g6 25. Qd8+ Qxd8 26. Rxd8+ Rxd8 27. Rxd8+ Kg7 28. b3 Nf4 29. Nxf4 Bxf4 30. Ra8 b4 31. Rxa6 Be5 32. h3 g5 33. Kf1 Kg6 34. g4 h5 35. gxh5+ Kxh5 36. Rc6 Bd4 37. Kg2 g4 38. hxg4+ Kxg4 39. Re6 f5 40. Rg6+ Kh5 41. Rg8 f4 42. Kf3 Be3 43. Rg4 Kh6 44. Rxf4 1-0

[Event "HUN-chT U18"]
[Site "Miskolc"]
[Date "2008.10.29"]
[Round "5.20"]
[White "Lukacs, Daniel"]
[Black "Szalay, Balazs"]
[Result "1/2-1/2"]
[WhiteElo "2101"]
[BlackElo "1787"]
[PlyCount "59"]
[EventDate "2008.10.27"]
[EventType "team-swiss"]
[EventRounds "8"]
[EventCountry "HUN"]
[SourceTitle "EXT 2016"]
[Source "ChessBase"]
[SourceDate "2015.10.08"]
[SourceVersion "1"]
[SourceVersionDate "2015.10.08"]
[SourceQuality "1"]

1. e4 c5 2. Nf3 Nc6 3. d4 cxd4 4. Nxd4 Nf6 5. Nc3 e5 6. Ndb5 d6 7. Bg5 a6 8. Na3 b5 9. Nd5 Be7 10. Bxf6 Bxf6 11. c3 Ne7 12. Nxe7 Bxe7 13. g3 Bb7 14. Bg2 f5 15. Qd3 0-0 16. Nc2 d5 17. exf5 e4 18. Qe2 Rxf5 19. Nd4 Rf6 20. 0-0 Bc5 21. Rad1 Qb6 22. f3 Re8 23. Kh1 Bxd4 24. Rxd4 Bc6 25. fxe4 Rxf1+ 26. Qxf1 dxe4 27. Qe2 e3 28. Bxc6 Qxc6+ 29. Kg1 Qf6 30. Rd3 1/2-1/2

[Event "HUN-chT U18"]
[Site "Miskolc"]
[Date "2008.10.27"]
[Round "1.10"]
[White "Szalay, Balazs"]
[Black "Bartos, Tamas"]
[Result "0-1"]
[WhiteElo "1787"]
[BlackElo "2129"]
[PlyCount "64"]
[EventDate "2008.10.27"]
[EventType "team-swiss"]
[EventRounds "8"]
[EventCountry "HUN"]
[SourceTitle "EXT 2016"]
[Source "ChessBase"]
[SourceDate "2015.10.08"]
[SourceVersion "1"]
[SourceVersionDate "2015.10.08"]
[SourceQuality "1"]

1. e4 e6 2. d4 d5 3. Nd2 c5 4. Ngf3 Nc6 5. c3 Nf6 6. e5 Nd7 7. g3 Qb6 8. Nb3 a5 9. a4 cxd4 10. Bg2 dxc3 11. bxc3 Ndxe5 12. Be3 Nxf3+ 13. Bxf3 Qc7 14. Rc1 Be7 15. Nd4 Nxd4 16. Bxd4 0-0 17. 0-0 Bd7 18. Be2 Bc5 19. Bd3 Bxd4 20. cxd4 Qd6 21. Re1 Rfc8 22. Re5 g6 23. h4 Rxc1 24. Qxc1 Rc8 25. Qd2 Qb4 26. Qf4 Qc3 27. Re3 Qb4 28. h5 Qf8 29. Rf3 Qg7 30. Qh4 Bxa4 31. Qe7 Bc6 32. hxg6 hxg6 0-1